• 首页
  • 本馆介绍
  • 公告通知
  • 最新文献
  • 馆藏检索
  • 电子资源
  • 读者导购
  • 参考咨询
  • 我的图书馆
  • 登录
  • 详细信息显示
  • 放入我的书架
  • 预约/预借图书
  • 作者相关作品
  • 分类相关作品
  • 丛书相关作品
  • 出版社相关作品

书目信息

  • 表格格式
  • 工作单格式
  • 卡片格式
题名:
对口援三峡
    
 
作者: 马建勋 主编 ;政协 编著
分册:  
出版信息: 上海   上海教育出版社有限公司  2018
页数: 532页
开本: 24cm
丛书名: 《口述上海》丛书
单 册:
中图分类: TV632
科图分类:
主题词: 三峡水利工程--史料
电子资源:
ISBN: 978-7-5444-8089-5
000 00974oam2 2200265 450
001 7240
005 20180605112546.92
010    @a978-7-5444-8089-5@dCNY88.00
100    @a20180217d2018 em y0chiy50 ea
101 0  @achi
102    @aCN@b310000
105    @aa z 000yy
200 1  @a对口援三峡@9dui kou yuan san xia@f政协上海市委员会文史资料委员会[等]编著
210    @a上海@c上海教育出版社有限公司@d2018
215    @a532页@c照片@d24cm
225 1  @a《口述上海》丛书
300    @a对口支援系列 《上海文史资料选辑》总第173辑
330    @a本书以50多位当事人口述实录的形式,讲述了三峡工程这一世纪工程背后的故事——上海在25年的对口支援三峡工作中,用心、用情、用力,以实际行动为三峡工程建设作出重要贡献。
461  0 @12001 @a《口述上海》丛书
606 0  @a三峡水利工程@j史料
690    @aTV632@v5
701  0 @a马建勋@9ma jian xun@4主编
712 02 @a政协@9zheng xie@b上海市委员会@b文史资料委员会@4编著
801  0 @aCN@b91MARC@c20180217
905    @aMuseLib@dTV632@e76
    
    对口援三峡/政协上海市委员会文史资料委员会[等]编著.-上海:上海教育出版社有限公司,2018
    532页:照片;24cm.-(《口述上海》丛书)
    对口支援系列 《上海文史资料选辑》总第173辑
    
    ISBN 978-7-5444-8089-5:CNY88.00
    本书以50多位当事人口述实录的形式,讲述了三峡工程这一世纪工程背后的故事——上海在25年的对口支援三峡工作中,用心、用情、用力,以实际行动为三峡工程建设作出重要贡献。
●
相关链接 在E读中查询图书 在五车中查询图书 在当当中查询图书 在豆瓣中查询图书


正题名:对口援三峡     索取号:TV632/76         预约/预借

序号 登录号 条形码 馆藏地/架位号 状态 备注
1 1117025   211170258   第二样本阅览室/ [索取号:TV632/76] 在馆    
2 1117026   211170267   教育系资料室/ [索取号:TV632/76] 在馆    
3 1117027   211170276   教育系资料室/ [索取号:TV632/76] 在馆    
4 1117028   211170285   第三借阅区/ [索取号:TV632/76] 在馆    
唐山师范学院图书馆 欢迎您!
大连网信软件有限公司© 版权所有